000 00492nam a2200133Ia 4500
008 220615s9999||||xx |||||||||||||| ||und||
020 _a9780260000000
100 _aDay, Ronald E.
245 0 _aDocumentarity
_bEvidence, Ontology, and Inscription
546 _aEnglish[eng]
650 _aLibrary and information services||Impact of science and technology on society||Philosophy: epistemology and theory of knowledge
856 _uhttps://doi.org/10.7551/mitpress/11719.001.0001
942 _cEB
999 _c10635
_d10635